• 首页
  • 本馆介绍
  • 公告通知
  • 最新文献
  • 馆藏检索
  • 电子资源
  • 读者导购
  • 参考咨询
  • 我的图书馆
  • 登录
  • 详细信息显示
  • 放入我的书架
  • 预约/预借图书
  • 作者相关作品
  • 分类相关作品
  • 丛书相关作品
  • 出版社相关作品

书目信息

  • 表格格式
  • 工作单格式
  • 卡片格式
题名:
外研社·现代德汉词典
    
 
作者: 马桂琪 主编
分册:  
出版信息: 北京   外语教学与研究出版社  2004
页数: 784页
开本: 20cm
丛书名:
单 册:
中图分类: H336
科图分类:
主题词: 德语--汉语--词典 , 德语 , 汉语 , 词典
电子资源:
ISBN: 7-5600-2601-X
000 00948nam0 2200289 450
001 002758103
005 20070805095559.57
010    @a7-5600-2601-X@b精装@dCNY35.90
035    @a002758103
100    @a20040802d2004 em y0chiy0110 ea
101 0  @achi@ager
102    @aCN@b110000
105    @ay e 000yy
106    @ar
200 1  @a外研社·现代德汉词典@Awai yan she · xian dai de han ci dian@e新正字法@Exin zheng zi fa@f马桂琪主编@Fma gui qi zhu bian
210    @a北京@c外语教学与研究出版社@d2004
215    @a784页@d20cm
330    @a本词典收入约20000个基本词和复合词词目,包括一般词汇、政治词汇、常用科技词汇和经贸词汇。对词的语法和搭配特点作了必要的交待。
510 1  @aModernes Worterbuch Deutsch-Chinesisch@zger
606 0  @a德语@x汉语@j词典
606 0  @a德语
606 0  @a汉语
606 0  @a词典
690    @aH336@v4
701  0 @a马桂琪@Ama gui qi@c(德语教授)@4主编
801  0 @aCN@bNLC@c20070805
905    @dH336@e174
    
    外研社·现代德汉词典:新正字法/马桂琪主编.-北京:外语教学与研究出版社,2004
    784页;20cm
    
    
    ISBN 7-5600-2601-X(精装):CNY35.90
    本词典收入约20000个基本词和复合词词目,包括一般词汇、政治词汇、常用科技词汇和经贸词汇。对词的语法和搭配特点作了必要的交待。
●
相关链接 在E读中查询图书 在五车中查询图书 在当当中查询图书 在豆瓣中查询图书


正题名:外研社·现代德汉词典     索取号:H336/174         预约/预借

序号 登录号 条形码 馆藏地/架位号 状态 备注
1 0852111   208521116   第二样本阅览室/ [索取号:H336/174] 在馆    
2 0852112   208521125   密集书库/ [索取号:H336/174] 在馆    
3 0852113   208521134   工具书阅览室/ [索取号:H336/174] 在馆    
唐山师范学院图书馆 欢迎您!
大连网信软件有限公司© 版权所有